| 000 | 00500nam a2200169 i 4500 | ||
|---|---|---|---|
| 001 | 43089 | ||
| 003 | ES-MaACL | ||
| 005 | 20230906160730.0 | ||
| 007 | t| | ||
| 008 | 030314s1897 sp ||||1| spa d | ||
| 100 | 1 |
_aCastro, Salvador V. de. _936897 |
|
| 245 | 1 | 3 |
_aEl "Fausto" _b: (vulgarización literaria) / _cSalvador V. de Castro. |
| 250 | _aEdición privada. | ||
| 260 |
_aGranada : _b[s.n.], _c1897 ( _fTip. F. Gómez de la Cruz) |
||
| 300 |
_a43 p. ; _c22 cm. |
||
| 852 |
_aES-MaACL _jT-864-F-3 |
||
| 999 |
_c43089 _d43089 |
||